000 00730nam a2200181 a 4500
001 000245325
003 AM-YeHGA
005 20250618071637.0
008 030710s1978 ai 000 | arm d
040 _aAM-YeHGA
245 1 0 _aԴըմ-դըմ բերդը :
_b[Վեպ] /
_cԱ. Շամիլով; Թարգմ.՝ Վ. Գրիգորյան; Խմբ.՝ Մ. Թերզյան.
260 _aԵրևան :
_bՍովետական գրող,
_c1978.
300 _a218 էջ ;
_c20 սմ.
650 1 4 _aՔրդական գրականություն
_xՎեպ
700 1 _aԳրիգորյան, Վահան Արմենակի,
_d1905-1989
_eթարգմ.
_4trl
_91650
700 1 _aԹերզյան, Մարգարիտ Սիմոնի,
_d1929-
_eխմբ.
_4edt
_92565
090 _c88718
999 _c87433
_d87433